Suicide and increased availability of handguns in the United States

Gespeichert in:  
Bibliographische Detailangaben
VerfasserInnen: Clarke, Ronald V. 1941- (Verfasst von) ; Jones, Paul R. 1884- (Verfasst von)
Medienart: Druck Aufsatz
Sprache:Englisch
Veröffentlicht: 1989
In: Social science & medicine
Jahr: 1989, Band: 28, Heft: 8, Seiten: 805-811
Verfügbarkeit prüfen: HBZ Gateway
Schlagwörter:

MARC

LEADER 00000caa a22000002c 4500
001 1631647954
003 DE-627
005 20230427112746.0
007 tu
008 130412s1989 xx ||||| 00| ||eng c
035 |a (DE-627)1631647954 
035 |a (DE-576)381105997 
035 |a (DE-599)BSZ381105997 
040 |a DE-627  |b ger  |c DE-627  |e rakwb 
041 |a eng 
100 1 |a Clarke, Ronald V.  |d 1941-  |0 (DE-588)1041612559  |0 (DE-627)76714239X  |0 (DE-576)164880615  |4 aut 
109 |a Clarke, Ronald V. 1941-  |a Clarke, R. V. G. 1941-  |a Clarke, Ronald 1941-  |a Clarke, Ronald Victor Gemuseus 1941-  |a Clarke, R.V.G. 1941- 
245 1 0 |a Suicide and increased availability of handguns in the United States  |c R. V. Clarke; P. R. Jones 
264 1 |c 1989 
336 |a Text  |b txt  |2 rdacontent 
337 |a ohne Hilfsmittel zu benutzen  |b n  |2 rdamedia 
338 |a Band  |b nc  |2 rdacarrier 
700 1 |a Jones, Paul R.  |d 1884-  |0 (DE-588)1012022277  |0 (DE-627)704826100  |0 (DE-576)344828360  |4 aut 
773 0 8 |i In  |t Social science & medicine  |d Amsterdam [u.a.] : Elsevier, 1967  |g 28(1989), 8, Seite 805-811  |w (DE-627)129086371  |w (DE-600)4766-1  |w (DE-576)014420465  |x 0277-9536  |7 nnas 
773 1 8 |g volume:28  |g year:1989  |g number:8  |g pages:805-811 
951 |a AR 
ELC |b 1 
LOK |0 000 xxxxxcx a22 zn 4500 
LOK |0 001 3282719043 
LOK |0 003 DE-627 
LOK |0 004 1631647954 
LOK |0 005 20260227094043 
LOK |0 008 130412||||||||||||||||ger||||||| 
LOK |0 040   |a DE-21-110  |c DE-627  |d DE-21-110 
LOK |0 689   |a s  |a Selbstmord 
LOK |0 852   |z Kein Bestand am IfK; Nachweis für KrimDok 
LOK |0 852   |a DE-21-110 
LOK |0 852 1  |m v  |9 00 
LOK |0 935   |a k110 
LOK |0 938   |k v 
LOK |0 939   |a 12-04-13  |b l01 
ORI |a WA-MARC-krimdoka001.raw